| 000 | 00593cam4a220020500 4500 | ||
|---|---|---|---|
| 001 | tmp15529300 | ||
| 003 | UPRA | ||
| 005 | 20190819083606.0 | ||
| 008 | 950906s1965 fr fre u | ||
| 035 | _a(Sirsi) r84443 | ||
| 035 | _a(UPRA)tmp15529300 | ||
| 040 | _cUPRA | ||
| 100 | 1 |
_aHeriat, Philippe, 1898-1971. _dHeriat, Philippe, 1898-1971. _6A44302.1 |
|
| 245 | 1 | 2 |
_aL'innocent : _broman. |
| 260 |
_a[Paris] : _bGallimard, _c[1965] |
||
| 440 | 0 |
_aLivre de poche _6S322.1 |
|
| 500 | _aFirst published in 1954. | ||
| 949 |
_aPQ2615.E66 _wlcc _i-117413 _mMAIN _tBOOK _lON-SHELF |
||
| 004 | 84443 | ||
| 999 |
_c93782 _d93782 |
||